| 000 | 00511nam a22001577a 4500 | ||
|---|---|---|---|
| 003 | OSt | ||
| 005 | 20140310181756.0 | ||
| 008 | 130701t xxu||||| |||| 00| 0 eng d | ||
| 050 |
_aQR 99.7 _b.T172 1995 |
||
| 082 |
_2FIL 613.25 _bT16 1994 |
||
| 100 | _aTapiador, Domingo Diaz | ||
| 245 |
_aManna from heaven : _bSpirulina (microalgae) in the Philippines / _cDomingo Diaz Tapiador. |
||
| 260 |
_aManila : _bSpirulina Foundation of the Philippines, Inc., _c1995. |
||
| 300 |
_avi. 91 p. : _c21 cm. |
||
| 942 |
_2lcc _cBK |
||
| 999 |
_c3452 _d3452 |
||